[Event "Tournoi International du Pays de Charleroi 2018"]
[Site "Roux, Belgium"]
[Date "2018.07.29"]
[Round "2.29"]
[White "Vanden Bussche, Steven"]
[Black "Maddens, Martijn"]
[Result "0-1"]
[WhiteElo "2001"]
[BlackElo "2141"]

1. c4 {[%clk 01:30:59]} {[%emt 00:00:02]} f5 {[%clk 01:30:42]} {[%emt
00:00:17]} 2. g3 {[%clk 01:31:11]} {[%emt 00:00:17]} Nf6 {[%clk 01:31:04]}
{[%emt 00:00:08]} 3. Bg2 {[%clk 01:31:33]} {[%emt 00:00:09]} g6 {[%clk
01:31:32]} {[%emt 00:00:02]} 4. Nc3 {[%clk 01:31:49]} {[%emt 00:00:14]} Bg7
{[%clk 01:31:58]} {[%emt 00:00:04]} 5. Nf3 {[%clk 01:31:16]} {[%emt 00:01:02]}
d6 {[%clk 01:32:25]} {[%emt 00:00:04]} 6. d4 {[%clk 01:29:06]} {[%emt
00:02:40]} O-O {[%clk 01:32:12]} {[%emt 00:00:42]} 7. O-O {[%clk 01:28:44]}
{[%emt 00:00:53]} Qe8 {[%clk 01:32:38]} {[%emt 00:00:04]} 8. b3 {[%clk
01:24:45]} {[%emt 00:04:29]} Na6 {[%clk 01:32:43]} {[%emt 00:00:25]} 9. Bb2
{[%clk 01:21:08]} {[%emt 00:04:06]} e5 {[%clk 01:29:24]} {[%emt 00:03:49]} 10.
dxe5 {[%clk 01:18:14]} {[%emt 00:03:25]} dxe5 {[%clk 01:29:23]} {[%emt
00:00:31]} 11. Nd5 {[%clk 01:14:43]} {[%emt 00:04:01]} Nh5 {[%clk 01:19:26]}
{[%emt 00:10:27]} 12. e4 {[%clk 00:54:36]} {[%emt 00:20:37]} c6 {[%clk
01:18:58]} {[%emt 00:00:58]} 13. Nc3 {[%clk 00:50:34]} {[%emt 00:04:32]} f4
{[%clk 01:19:15]} {[%emt 00:00:13]} 14. Nd2 {[%clk 00:45:37]} {[%emt 00:05:27]}
Be6 {[%clk 01:12:04]} {[%emt 00:07:41]} 15. g4 {[%clk 00:42:03]} {[%emt
00:04:04]} f3 {[%clk 01:10:20]} {[%emt 00:02:13]} 16. Bxf3 {[%clk 00:30:58]}
{[%emt 00:11:36]} Nf4 {[%clk 01:10:37]} {[%emt 00:00:12]} 17. Ne2 {[%clk
00:27:49]} {[%emt 00:03:40]} Rd8 {[%clk 01:04:51]} {[%emt 00:06:15]} 18. Nxf4
{[%clk 00:20:22]} {[%emt 00:07:58]} Rxf4 {[%clk 01:04:33]} {[%emt 00:00:47]} 19.
Bc1 {[%clk 00:16:46]} {[%emt 00:04:06]} Qf8 {[%clk 00:53:30]} {[%emt 00:11:34]}
20. Be2 {[%clk 00:16:38]} {[%emt 00:00:38]} Bh6 {[%clk 00:47:47]} {[%emt
00:06:12]} 21. f3 {[%clk 00:16:25]} {[%emt 00:00:43]} Rf7 {[%clk 00:46:01]}
{[%emt 00:02:15]} 22. Qe1 {[%clk 00:13:44]} {[%emt 00:03:13]} Nb4 {[%clk
00:44:58]} {[%emt 00:01:33]} 23. Nb1 {[%clk 00:12:09]} {[%emt 00:02:04]} Nc2
{[%clk 00:44:50]} {[%emt 00:00:38]} 24. Bxh6 {[%clk 00:12:13]} {[%emt
00:00:27]} Qxh6 {[%clk 00:44:55]} {[%emt 00:00:25]} 25. Qa5 {[%clk 00:09:14]}
{[%emt 00:03:29]} Qe3+ {[%clk 00:42:52]} {[%emt 00:02:31]} 26. Rf2 {[%clk
00:09:35]} {[%emt 00:00:10]} Qd4 {[%clk 00:43:00]} {[%emt 00:00:22]} 27. Kg2
{[%clk 00:05:40]} {[%emt 00:04:25]} Nxa1 {[%clk 00:42:41]} {[%emt 00:00:49]} 28.
Bf1 {[%clk 00:06:03]} {[%emt 00:00:08]} Rdf8 {[%clk 00:35:35]} {[%emt
00:07:36]} 29. Rd2 {[%clk 00:05:24]} {[%emt 00:01:09]} Qe3 {[%clk 00:34:48]}
{[%emt 00:01:15]} 30. Rd3 {[%clk 00:05:47]} {[%emt 00:00:08]} Qc1 {[%clk
00:34:56]} {[%emt 00:00:17]} 31. Qxe5 {[%clk 00:04:04]} {[%emt 00:02:19]} Bxg4
{[%clk 00:35:08]} {[%emt 00:00:17]} 32. Nd2 {[%clk 00:01:42]} {[%emt 00:02:52]}
Nc2 {[%clk 00:34:32]} {[%emt 00:01:06]} 33. fxg4 {[%clk 00:00:47]} {[%emt
00:01:25]} Ne1+ {[%clk 00:34:55]} {[%emt 00:00:07]} 0-1

[Event "Tournoi International du Pays de Charleroi 2018"]
[Site "Roux, Belgium"]
[Date "2018.07.29"]
[Round "2.11"]
[White "Le Quang, Kim"]
[Black "Verbist, Julien"]
[Result "1/2-1/2"]
[WhiteTitle "FM"]
[WhiteElo "2261"]
[BlackElo "1954"]

1. e4 {[%clk 01:30:54]} {[%emt 00:00:04]} e5 {[%clk 01:30:27]} {[%emt
00:00:34]} 2. Nf3 {[%clk 01:31:13]} {[%emt 00:00:11]} d6 {[%clk 01:30:35]}
{[%emt 00:00:22]} 3. d4 {[%clk 01:31:14]} {[%emt 00:00:28]} exd4 {[%clk
01:28:28]} {[%emt 00:02:38]} 4. Nxd4 {[%clk 01:31:36]} {[%emt 00:00:08]} Nf6
{[%clk 01:28:41]} {[%emt 00:00:17]} 5. Nc3 {[%clk 01:31:56]} {[%emt 00:00:10]}
Be7 {[%clk 01:28:24]} {[%emt 00:00:46]} 6. Be2 {[%clk 01:32:03]} {[%emt
00:00:23]} O-O {[%clk 01:28:42]} {[%emt 00:00:13]} 7. Bf4 {[%clk 01:31:59]}
{[%emt 00:00:34]} Re8 {[%clk 01:26:07]} {[%emt 00:03:05]} 8. Qd2 {[%clk
01:31:04]} {[%emt 00:01:25]} Bd7 {[%clk 01:15:05]} {[%emt 00:11:32]} 9. O-O-O
{[%clk 01:28:02]} {[%emt 00:03:33]} Nc6 {[%clk 01:13:17]} {[%emt 00:02:18]} 10.
Rhe1 {[%clk 01:07:29]} {[%emt 00:21:03]} Nxd4 {[%clk 00:58:27]} {[%emt
00:15:21]} 11. Qxd4 {[%clk 01:07:00]} {[%emt 00:01:00]} Bc6 {[%clk 00:58:45]}
{[%emt 00:00:11]} 12. Kb1 {[%clk 00:46:51]} {[%emt 00:20:38]} Nd7 {[%clk
00:57:25]} {[%emt 00:01:50]} 13. Nd5 {[%clk 00:45:06]} {[%emt 00:02:15]} Bf6
{[%clk 00:55:29]} {[%emt 00:02:26]} 14. Nxf6+ {[%clk 00:45:00]} {[%emt
00:00:36]} Qxf6 {[%clk 00:55:52]} {[%emt 00:00:08]} 15. Qxf6 {[%clk 00:45:08]}
{[%emt 00:00:21]} Nxf6 {[%clk 00:56:20]} {[%emt 00:00:02]} 16. f3 {[%clk
00:45:28]} {[%emt 00:00:10]} Nd7 {[%clk 00:56:23]} {[%emt 00:00:27]} 17. Bc4
{[%clk 00:43:54]} {[%emt 00:02:04]} Nb6 {[%clk 00:55:23]} {[%emt 00:01:31]} 18.
Bb3 {[%clk 00:44:08]} {[%emt 00:00:16]} Rad8 {[%clk 00:53:17]} {[%emt
00:02:36]} 19. Kc1 {[%clk 00:40:32]} {[%emt 00:04:06]} Ba4 {[%clk 00:48:00]}
{[%emt 00:05:47]} 20. Re3 {[%clk 00:37:08]} {[%emt 00:03:53]} Bxb3 {[%clk
00:42:16]} {[%emt 00:06:14]} 21. Rxb3 {[%clk 00:37:22]} {[%emt 00:00:16]} Rb8
{[%clk 00:42:37]} {[%emt 00:00:09]} 22. Rc3 {[%clk 00:34:26]} {[%emt 00:03:26]}
Re7 {[%clk 00:39:31]} {[%emt 00:03:35]} 23. b3 {[%clk 00:28:26]} {[%emt
00:06:31]} Rbe8 {[%clk 00:26:14]} {[%emt 00:13:47]} 24. a4 {[%clk 00:23:54]}
{[%emt 00:05:02]} a5 {[%clk 00:22:22]} {[%emt 00:04:21]} 25. g4 {[%clk
00:21:45]} {[%emt 00:02:39]} h6 {[%clk 00:21:49]} {[%emt 00:01:03]} 26. h4
{[%clk 00:21:10]} {[%emt 00:01:06]} f6 {[%clk 00:21:36]} {[%emt 00:00:43]} 27.
Be3 {[%clk 00:14:11]} {[%emt 00:07:28]} Nc8 {[%clk 00:21:43]} {[%emt 00:00:24]}
28. Rd5 {[%clk 00:13:37]} {[%emt 00:01:04]} b6 {[%clk 00:22:07]} {[%emt
00:00:06]} 29. Kd2 {[%clk 00:08:50]} {[%emt 00:05:16]} Kf7 {[%clk 00:22:12]}
{[%emt 00:00:25]} 30. Rc4 {[%clk 00:03:06]} {[%emt 00:06:14]} Rd7 {[%clk
00:20:40]} {[%emt 00:02:02]} 31. h5 {[%clk 00:01:58]} {[%emt 00:01:38]} Re5
{[%clk 00:19:32]} {[%emt 00:01:38]} 32. Rd3 {[%clk 00:02:01]} {[%emt 00:00:27]}
Re8 {[%clk 00:16:48]} {[%emt 00:03:14]} 33. Bf4 {[%clk 00:01:56]} {[%emt
00:00:36]} Ke7 {[%clk 00:15:06]} {[%emt 00:02:11]} 34. c3 {[%clk 00:01:23]}
{[%emt 00:01:04]} c5 {[%clk 00:14:15]} {[%emt 00:01:21]} 35. Be3 {[%clk
00:01:01]} {[%emt 00:00:51]} Na7 {[%clk 00:14:25]} {[%emt 00:00:20]} 36. f4
{[%clk 00:00:49]} {[%emt 00:00:42]} Nc6 {[%clk 00:14:35]} {[%emt 00:00:20]} 37.
Rd5 {[%clk 00:00:57]} {[%emt 00:00:22]} Ke6 {[%emt 00:01:59]} 1/2-1/2

[Event "Tournoi International du Pays de Charleroi 2018"]
[Site "Roux, Belgium"]
[Date "2018.07.29"]
[Round "2.6"]
[White "Godart, Francois"]
[Black "Maerevoet, Sim"]
[Result "1/2-1/2"]
[WhiteElo "2427"]
[BlackElo "2115"]

1. d4 {[%clk 01:30:56]} {[%emt 00:00:05]} d5 {[%clk 01:30:51]} {[%emt
00:00:07]} 2. c4 {[%clk 01:31:14]} {[%emt 00:00:13]} c6 {[%clk 01:31:13]}
{[%emt 00:00:07]} 3. Nf3 {[%clk 01:31:36]} {[%emt 00:00:08]} Nf6 {[%clk
01:31:25]} {[%emt 00:00:17]} 4. e3 {[%clk 01:31:52]} {[%emt 00:00:14]} a6
{[%clk 01:31:14]} {[%emt 00:00:42]} 5. Nbd2 {[%clk 01:30:11]} {[%emt 00:02:11]}
Bf5 {[%clk 01:26:51]} {[%emt 00:04:53]} 6. Nh4 {[%clk 01:29:42]} {[%emt
00:00:59]} Be4 {[%clk 01:23:05]} {[%emt 00:04:17]} 7. f3 {[%clk 01:26:36]}
{[%emt 00:03:35]} Bg6 {[%clk 01:22:09]} {[%emt 00:01:26]} 8. Nxg6 {[%clk
01:12:05]} {[%emt 00:15:01]} hxg6 {[%clk 01:22:27]} {[%emt 00:00:12]} 9. Bd3
{[%clk 00:59:51]} {[%emt 00:12:45]} e6 {[%clk 01:04:40]} {[%emt 00:18:16]} 10.
O-O {[%clk 00:52:22]} {[%emt 00:07:58]} c5 {[%clk 00:53:19]} {[%emt 00:11:52]}
11. Nb3 {[%clk 00:44:23]} {[%emt 00:08:29]} dxc4 {[%clk 00:41:03]} {[%emt
00:12:46]} 12. Bxc4 {[%clk 00:44:43]} {[%emt 00:00:10]} Qc7 {[%clk 00:41:07]}
{[%emt 00:00:25]} 13. f4 {[%clk 00:43:30]} {[%emt 00:01:44]} cxd4 {[%clk
00:39:26]} {[%emt 00:02:11]} 14. Qxd4 {[%clk 00:43:34]} {[%emt 00:00:25]} Nc6
{[%clk 00:39:35]} {[%emt 00:00:21]} 15. Qc3 {[%clk 00:39:21]} {[%emt 00:04:43]}
Rd8 {[%clk 00:26:04]} {[%emt 00:14:01]} 16. Be2 {[%clk 00:34:16]} {[%emt
00:05:35]} Nd5 {[%clk 00:20:15]} {[%emt 00:06:19]} 17. Qc2 {[%clk 00:33:29]}
{[%emt 00:01:17]} Qb6 {[%clk 00:20:08]} {[%emt 00:00:38]} 18. Bf3 {[%clk
00:28:41]} {[%emt 00:05:18]} Ncb4 {[%clk 00:16:47]} {[%emt 00:03:50]} 19. Qe4
{[%clk 00:27:09]} {[%emt 00:02:02]} Be7 {[%clk 00:14:39]} {[%emt 00:02:38]} 20.
Bd2 {[%clk 00:21:12]} {[%emt 00:06:27]} O-O {[%clk 00:14:30]} {[%emt 00:00:39]}
21. Qd4 {[%clk 00:18:45]} {[%emt 00:02:58]} Qxd4 {[%clk 00:13:03]} {[%emt
00:01:56]} 22. Nxd4 {[%clk 00:18:39]} {[%emt 00:00:37]} Bc5 {[%clk 00:11:27]}
{[%emt 00:02:05]} 23. Bxb4 {[%clk 00:13:54]} {[%emt 00:05:15]} Bxb4 {[%clk
00:11:23]} {[%emt 00:00:34]} 24. Bxd5 {[%clk 00:13:21]} {[%emt 00:01:04]} Rxd5
{[%clk 00:11:47]} {[%emt 00:00:06]} 1/2-1/2

[Event "Tournoi International du Pays de Charleroi 2018"]
[Site "Roux, Belgium"]
[Date "2018.07.29"]
[Round "2.18"]
[White "Miezis, Normunds"]
[Black "Kolp, Theo"]
[Result "1-0"]
[WhiteTitle "GM"]
[WhiteElo "2463"]
[BlackElo "1980"]

1. c4 {[%clk 01:30:54]} {[%emt 00:00:04]} c5 {[%clk 01:30:52]} {[%emt
00:00:09]} 2. Nc3 {[%clk 01:31:07]} {[%emt 00:00:17]} Nf6 {[%clk 01:30:57]}
{[%emt 00:00:25]} 3. e4 {[%clk 01:31:10]} {[%emt 00:00:26]} Nc6 {[%clk
01:30:32]} {[%emt 00:00:55]} 4. g3 {[%clk 01:31:06]} {[%emt 00:00:35]} g6
{[%clk 01:29:12]} {[%emt 00:01:50]} 5. Bg2 {[%clk 01:31:21]} {[%emt 00:00:14]}
Bg7 {[%clk 01:28:29]} {[%emt 00:01:14]} 6. Nge2 {[%clk 01:31:36]} {[%emt
00:00:15]} d6 {[%clk 01:28:11]} {[%emt 00:00:48]} 7. a3 {[%clk 01:31:53]}
{[%emt 00:00:13]} a6 {[%clk 01:13:03]} {[%emt 00:15:39]} 8. Rb1 {[%clk
01:31:01]} {[%emt 00:01:21]} Rb8 {[%clk 01:10:48]} {[%emt 00:02:45]} 9. b4
{[%clk 01:30:58]} {[%emt 00:00:33]} cxb4 {[%clk 01:08:28]} {[%emt 00:02:50]} 10.
axb4 {[%clk 01:31:13]} {[%emt 00:00:15]} b5 {[%clk 01:07:46]} {[%emt 00:01:12]}
11. cxb5 {[%clk 01:29:40]} {[%emt 00:02:02]} axb5 {[%clk 01:07:45]} {[%emt
00:00:31]} 12. d4 {[%clk 01:29:59]} {[%emt 00:00:12]} Qc7 {[%clk 01:01:57]}
{[%emt 00:06:18]} 13. O-O {[%clk 01:26:34]} {[%emt 00:03:55]} O-O {[%clk
00:57:47]} {[%emt 00:04:40]} 14. Bg5 {[%clk 01:24:38]} {[%emt 00:02:25]} Bd7
{[%clk 00:54:07]} {[%emt 00:04:11]} 15. Qd2 {[%clk 01:18:59]} {[%emt 00:06:08]}
Rfc8 {[%clk 00:48:48]} {[%emt 00:05:49]} 16. Rfc1 {[%clk 01:18:08]} {[%emt
00:01:21]} Qb6 {[%clk 00:47:23]} {[%emt 00:01:55]} 17. Rd1 {[%clk 01:10:17]}
{[%emt 00:08:21]} Bg4 {[%clk 00:39:41]} {[%emt 00:08:13]} 18. f3 {[%clk
00:59:20]} {[%emt 00:11:27]} Bd7 {[%clk 00:39:27]} {[%emt 00:00:44]} 19. Be3
{[%clk 00:59:25]} {[%emt 00:00:24]} Qc7 {[%clk 00:36:31]} {[%emt 00:03:26]} 20.
Rdc1 {[%clk 00:56:44]} {[%emt 00:03:11]} Qd8 {[%clk 00:34:47]} {[%emt
00:02:14]} 21. h3 {[%clk 00:56:08]} {[%emt 00:01:06]} e6 {[%clk 00:29:00]}
{[%emt 00:06:18]} 22. Kh2 {[%clk 00:53:20]} {[%emt 00:03:16]} Ne7 {[%clk
00:28:34]} {[%emt 00:00:57]} 23. Bg5 {[%clk 00:50:10]} {[%emt 00:03:39]} Qb6
{[%clk 00:26:41]} {[%emt 00:02:24]} 24. e5 {[%clk 00:44:36]} {[%emt 00:06:04]}
Nfd5 {[%clk 00:25:17]} {[%emt 00:01:54]} 25. exd6 {[%clk 00:44:27]} {[%emt
00:00:40]} Qxd6 {[%clk 00:25:16]} {[%emt 00:00:31]} 26. Ne4 {[%clk 00:44:31]}
{[%emt 00:00:25]} Qb6 {[%clk 00:21:43]} {[%emt 00:04:03]} 27. Nc5 {[%clk
00:43:32]} {[%emt 00:01:29]} Bc6 {[%clk 00:20:19]} {[%emt 00:01:54]} 28. g4
{[%clk 00:42:38]} {[%emt 00:01:24]} Ra8 {[%clk 00:18:25]} {[%emt 00:02:24]} 29.
Rc2 {[%clk 00:31:35]} {[%emt 00:11:33]} Ra3 {[%clk 00:16:20]} {[%emt 00:02:35]}
30. Nc1 {[%clk 00:27:44]} {[%emt 00:04:21]} Qc7 {[%clk 00:12:07]} {[%emt
00:04:43]} 31. Kh1 {[%clk 00:27:26]} {[%emt 00:00:46]} Qd6 {[%clk 00:09:10]}
{[%emt 00:03:28]} 32. Ne4 {[%clk 00:24:30]} {[%emt 00:03:27]} Qb8 {[%clk
00:07:48]} {[%emt 00:01:53]} 33. Nb3 {[%clk 00:24:10]} {[%emt 00:00:50]} Qa7
{[%clk 00:06:31]} {[%emt 00:01:47]} 34. Nd6 {[%clk 00:20:30]} {[%emt 00:04:09]}
Rc7 {[%clk 00:06:35]} {[%emt 00:00:26]} 35. Bh4 {[%clk 00:08:44]} {[%emt
00:12:16]} Qa4 {[%clk 00:05:22]} {[%emt 00:01:43]} 36. Nc5 {[%clk 00:08:01]}
{[%emt 00:01:13]} Qa8 {[%clk 00:04:39]} {[%emt 00:01:14]} 37. Re1 {[%clk
00:07:44]} {[%emt 00:00:46]} Ra1 {[%clk 00:04:03]} {[%emt 00:01:07]} 38. Kh2
{[%clk 00:07:10]} {[%emt 00:01:04]} Rxe1 {[%clk 00:02:01]} {[%emt 00:02:33]} 39.
Bxe1 {[%clk 00:07:29]} {[%emt 00:00:10]} Qa3 {[%clk 00:01:27]} {[%emt
00:01:03]} 40. Ra2 {[%clk 00:03:43]} {[%emt 00:04:16]} Qe3 {[%clk 00:01:50]}
{[%emt 00:00:07]} 41. Qxe3 {[%clk 00:03:22]} {[%emt 00:00:51]} Nxe3 {[%clk
00:02:14]} {[%emt 00:00:07]} 42. Bg3 {[%clk 00:03:29]} {[%emt 00:00:23]} N7d5
{[%clk 00:28:38]} {[%emt 00:04:05]} 43. Ra5 {[%clk 00:29:48]} {[%emt 00:04:11]}
Nxg2 {[%clk 00:26:17]} {[%emt 00:02:52]} 44. Nxb5 {[%clk 00:28:27]} {[%emt
00:01:51]} Bxb5 {[%clk 00:24:50]} {[%emt 00:01:56]} 45. Kxg2 {[%clk 00:24:24]}
{[%emt 00:04:33]} Bxd4 {[%clk 00:14:21]} {[%emt 00:11:00]} 46. Rxb5 {[%clk
00:18:17]} {[%emt 00:06:37]} Ra7 {[%clk 00:14:02]} {[%emt 00:00:49]} 47. Nb3
{[%clk 00:18:35]} {[%emt 00:00:11]} Ra2+ {[%clk 00:13:48]} {[%emt 00:00:43]} 48.
Kh1 {[%clk 00:18:55]} {[%emt 00:00:11]} Bc3 {[%clk 00:11:49]} {[%emt 00:02:30]}
49. Rb8+ {[%clk 00:19:18]} {[%emt 00:00:07]} Kg7 {[%clk 00:12:11]} {[%emt
00:00:07]} 50. b5 {[%clk 00:19:42]} {[%emt 00:00:06]} Ra3 {[%clk 00:09:15]}
{[%emt 00:03:26]} 51. Nc5 {[%clk 00:18:51]} {[%emt 00:01:21]} Bd4 {[%clk
00:09:40]} {[%emt 00:00:06]} 52. Bd6 {[%clk 00:18:59]} {[%emt 00:00:22]} Rxf3
{[%clk 00:05:48]} {[%emt 00:04:22]} 53. Ne4 {[%clk 00:14:04]} {[%emt 00:05:24]}
h6 {[%clk 00:04:46]} {[%emt 00:01:32]} 54. g5 {[%clk 00:13:03]} {[%emt
00:01:31]} hxg5 {[%clk 00:04:13]} {[%emt 00:01:04]} 55. Bf8+ {[%clk 00:13:16]}
{[%emt 00:00:16]} Kg8 {[%clk 00:03:23]} {[%emt 00:01:21]} 56. Bc5+ {[%clk
00:12:48]} {[%emt 00:00:57]} Kh7 {[%clk 00:03:09]} {[%emt 00:00:44]} 57. Bxd4
{[%clk 00:12:54]} {[%emt 00:00:24]} Rxh3 {[%clk 00:02:03]} {[%emt 00:01:37]} 58.
Kg1 {[%clk 00:13:00]} {[%emt 00:00:23]} 1-0

[Event "Tournoi International du Pays de Charleroi 2018"]
[Site "Roux, Belgium"]
[Date "2018.07.29"]
[Round "2.20"]
[White "Schuermans, Robert"]
[Black "Dauw, Sterre"]
[Result "0-1"]
[WhiteElo "2044"]
[BlackElo "2192"]

1. e4 {[%clk 01:30:51]} {[%emt 00:00:10]} c5 {[%clk 01:30:53]} {[%emt
00:00:05]} 2. Nf3 {[%clk 01:30:48]} {[%emt 00:00:33]} d6 {[%clk 01:30:57]}
{[%emt 00:00:26]} 3. d4 {[%clk 01:30:52]} {[%emt 00:00:26]} cxd4 {[%clk
01:31:19]} {[%emt 00:00:08]} 4. Nxd4 {[%clk 01:31:08]} {[%emt 00:00:14]} Nf6
{[%clk 01:31:25]} {[%emt 00:00:20]} 5. Nc3 {[%clk 01:30:57]} {[%emt 00:00:45]}
a6 {[%clk 01:31:46]} {[%emt 00:00:09]} 6. Bg5 {[%clk 01:29:09]} {[%emt
00:02:17]} e6 {[%clk 01:32:05]} {[%emt 00:00:12]} 7. f4 {[%clk 01:28:39]}
{[%emt 00:01:00]} Be7 {[%clk 01:32:20]} {[%emt 00:00:15]} 8. Qf3 {[%clk
01:26:08]} {[%emt 00:02:59]} h6 {[%clk 01:32:32]} {[%emt 00:00:19]} 9. Bh4
{[%clk 01:21:08]} {[%emt 00:05:30]} Qc7 {[%clk 01:32:39]} {[%emt 00:00:24]} 10.
O-O-O {[%clk 01:17:18]} {[%emt 00:04:19]} Nbd7 {[%clk 01:32:09]} {[%emt
00:01:02]} 11. Bf2 {[%clk 01:11:56]} {[%emt 00:05:49]} b5 {[%clk 01:29:33]}
{[%emt 00:03:08]} 12. Bd3 {[%clk 00:57:43]} {[%emt 00:14:41]} Bb7 {[%clk
01:27:03]} {[%emt 00:03:02]} 13. Rhe1 {[%clk 00:56:41]} {[%emt 00:01:31]} b4
{[%clk 01:14:24]} {[%emt 00:13:10]} 14. Nb1 {[%clk 00:50:53]} {[%emt 00:06:16]}
Qa5 {[%clk 01:12:05]} {[%emt 00:02:51]} 15. Bc4 {[%clk 00:47:30]} {[%emt
00:03:52]} Qh5 {[%clk 01:11:21]} {[%emt 00:01:15]} 16. Qxh5 {[%clk 00:40:01]}
{[%emt 00:07:57]} Nxh5 {[%clk 01:11:25]} {[%emt 00:00:28]} 17. g3 {[%clk
00:40:09]} {[%emt 00:00:22]} g5 {[%clk 01:10:26]} {[%emt 00:01:29]} 18. f5
{[%clk 00:39:06]} {[%emt 00:01:33]} e5 {[%clk 01:06:11]} {[%emt 00:04:45]} 19.
Nb3 {[%clk 00:36:23]} {[%emt 00:03:13]} Nhf6 {[%clk 01:05:36]} {[%emt
00:01:05]} 20. N1d2 {[%clk 00:32:20]} {[%emt 00:04:32]} Bd8 {[%clk 00:57:31]}
{[%emt 00:08:36]} 21. Bf1 {[%clk 00:29:21]} {[%emt 00:03:26]} Ke7 {[%clk
00:54:16]} {[%emt 00:03:48]} 22. Bg2 {[%clk 00:24:41]} {[%emt 00:05:09]} Rc8
{[%clk 00:47:01]} {[%emt 00:07:46]} 23. Kb1 {[%clk 00:22:36]} {[%emt 00:02:34]}
a5 {[%clk 00:39:55]} {[%emt 00:07:36]} 24. Nc1 {[%clk 00:21:55]} {[%emt
00:01:10]} Ng4 {[%clk 00:35:26]} {[%emt 00:05:00]} 25. Bg1 {[%clk 00:21:26]}
{[%emt 00:00:59]} Bb6 {[%clk 00:35:52]} {[%emt 00:00:05]} 26. Bxb6 {[%clk
00:18:59]} {[%emt 00:02:57]} Nxb6 {[%clk 00:35:27]} {[%emt 00:00:54]} 27. Nd3
{[%clk 00:17:55]} {[%emt 00:01:35]} Nc4 {[%clk 00:28:26]} {[%emt 00:07:32]} 28.
Nxc4 {[%clk 00:12:03]} {[%emt 00:06:22]} Rxc4 {[%clk 00:28:19]} {[%emt
00:00:36]} 29. h3 {[%clk 00:12:16]} {[%emt 00:00:17]} Nf6 {[%clk 00:28:41]}
{[%emt 00:00:08]} 30. Nf2 {[%clk 00:12:33]} {[%emt 00:00:12]} h5 {[%clk
00:27:45]} {[%emt 00:01:27]} 31. Rd2 {[%clk 00:09:46]} {[%emt 00:03:16]} h4
{[%clk 00:27:03]} {[%emt 00:01:13]} 32. g4 {[%clk 00:09:55]} {[%emt 00:00:21]}
Rd8 {[%clk 00:26:27]} {[%emt 00:01:05]} 33. b3 {[%clk 00:08:56]} {[%emt
00:01:30]} Rc3 {[%clk 00:26:24]} {[%emt 00:00:33]} 34. Nd1 {[%clk 00:07:48]}
{[%emt 00:01:37]} Rg3 {[%clk 00:25:33]} {[%emt 00:01:22]} 35. Nb2 {[%clk
00:05:26]} {[%emt 00:02:52]} Ba6 {[%clk 00:19:51]} {[%emt 00:06:12]} 36. Nc4
{[%clk 00:02:14]} {[%emt 00:03:41]} Bxc4 {[%clk 00:20:14]} {[%emt 00:00:08]} 37.
bxc4 {[%clk 00:02:39]} {[%emt 00:00:06]} Nd7 {[%clk 00:19:34]} {[%emt
00:01:09]} 38. Bf1 {[%clk 00:02:08]} {[%emt 00:01:01]} Nc5 {[%clk 00:19:53]}
{[%emt 00:00:10]} 39. Rd5 {[%clk 00:01:48]} {[%emt 00:00:50]} Ra8 {[%clk
00:16:55]} {[%emt 00:03:29]} 40. f6+ {[%clk 00:01:05]} {[%emt 00:01:13]} Ke6
{[%clk 00:16:21]} {[%emt 00:01:03]} 41. Red1 {[%clk 00:27:51]} {[%emt
00:03:44]} Ra6 {[%clk 00:44:42]} {[%emt 00:02:10]} 42. Kc1 {[%clk 00:23:52]}
{[%emt 00:04:28]} Rf3 {[%clk 00:41:41]} {[%emt 00:03:31]} 43. Bg2 {[%clk
00:23:00]} {[%emt 00:01:22]} Rxf6 {[%clk 00:42:03]} {[%emt 00:00:09]} 44. Rf1
{[%clk 00:22:36]} {[%emt 00:00:53]} Rxf1+ {[%clk 00:39:21]} {[%emt 00:03:13]}
45. Bxf1 {[%clk 00:22:58]} {[%emt 00:00:07]} Nxe4 {[%clk 00:39:05]} {[%emt
00:00:46]} 46. Bd3 {[%clk 00:22:17]} {[%emt 00:01:11]} Nc3 {[%clk 00:39:05]}
{[%emt 00:00:30]} 47. Kb2 {[%clk 00:21:35]} {[%emt 00:01:13]} Ke7 {[%clk
00:39:15]} {[%emt 00:00:20]} 48. c5 {[%clk 00:21:12]} {[%emt 00:00:52]} Nxd5
{[%clk 00:39:38]} {[%emt 00:00:07]} 49. Bxa6 {[%clk 00:21:35]} {[%emt
00:00:08]} dxc5 {[%clk 00:40:03]} {[%emt 00:00:05]} 50. Kb3 {[%clk 00:19:40]}
{[%emt 00:02:25]} Nb6 {[%clk 00:40:26]} {[%emt 00:00:07]} 51. c3 {[%clk
00:19:47]} {[%emt 00:00:23]} a4+ {[%clk 00:40:35]} {[%emt 00:00:22]} 52. Kc2
{[%clk 00:19:58]} {[%emt 00:00:17]} Nd5 {[%clk 00:40:53]} {[%emt 00:00:13]} 53.
c4 {[%clk 00:18:11]} {[%emt 00:02:17]} Nf4 {[%clk 00:40:47]} {[%emt 00:00:36]}
0-1